| 000 | 00994cam a2200301 a 4500 | ||
|---|---|---|---|
| 001 | 16963969 | ||
| 003 | JO-AjAnu | ||
| 005 | 20231127111831.0 | ||
| 008 | 110915s2012 nyuab b 001 0 eng | ||
| 010 | _a 2011038607 | ||
| 020 | _a9780415596954 (hbk.) | ||
| 020 | _a9780415596961 (pbk.) | ||
| 020 | _a9780203124185 (ebook) | ||
| 040 |
_aDLC _cDLC _dJO-AjAnu |
||
| 042 | _apcc | ||
| 050 | 0 | 0 |
_aHD9000.5 _b.A339 2012 |
| 082 | 0 | 0 |
_a630.68 _223 |
| 245 | 0 | 0 |
_aAgribusiness management / _cJay Akridge ... [et al.]. |
| 250 | _a4th ed. | ||
| 260 |
_aNew York : _bRoutledge, _c2012. |
||
| 300 |
_axviii, 453 p. : _bill., maps ; _c25 cm. |
||
| 504 | _aIncludes bibliographical references and index. | ||
| 650 | 0 |
_aAgricultural industries _xManagement. |
|
| 700 | 1 | _aAkridge, Jay T. | |
| 906 |
_a7 _bcbc _corignew _d1 _eecip _f20 _gy-gencatlg |
||
| 942 |
_2lcc _cBK _n0 |
||
| 999 |
_c33164 _d33164 |
||